[Event "Cholet-D"]
[Site "Cholet"]
[Date "2012.02.23"]
[Round "8"]
[White "Bouhaer, Francois"]
[Black "Pille, Edouard"]
[Result "1/2-1/2"]
[WhiteElo "1526"]
[BlackElo "1480"]
[PlyCount "111"]
[EventDate "2012.02.18"]
[EventType "swiss"]
[EventRounds "9"]
[EventCountry "FRA"]
[SourceTitle "EXT 2013"]
[Source "ChessBase"]
[SourceDate "2012.11.22"]
[SourceVersion "1"]
[SourceVersionDate "2012.11.22"]
[SourceQuality "1"]

1. d4 Nf6 2. c4 g6 3. Nc3 d5 4. e3 c6 5. a3 Bg7 6. c5 e5 7. Nf3 Bg4 8. dxe5 Nfd7 9. Qd4 Bxf3 10. gxf3 Bxe5 11. Qb4 Qf6 12. f4 Bxc3+ 13. bxc3 Na6 14. Bxa6 bxa6 15. Qd4 Rb8 16. Ke2 0-0 17. Bd2 Qe7 18. c4 Qe4 19. Bc3 Qxd4 20. Bxd4 dxc4 21. Rhc1 Rb5 22. Rxc4 Rfb8 23. a4 Rb4 24. Rac1 a5 25. h4 Rxc4 26. Rxc4 Rb4 27. Rxb4 axb4 28. a5 Nb8 29. Kd3 f5 30. e4 fxe4+ 31. Kxe4 Nd7 32. Kd3 Kf7 33. Kc4 Ke6 34. Be3 Kf5 35. f3 Nf6 36. Bd2 Nd5 37. Kb3 a6 38. Kc4 Nxf4 39. Kxb4 Ng2 40. Bg5 Ne1 41. f4 Ng2 42. Kc4 Nxf4 43. Bd8 Ne6 44. Be7 g5 45. hxg5 Nxg5 46. Kd4 Nf3+ 47. Ke3 Kg4 48. Ke4 h5 49. Bf6 Nd2+ 50. Ke5 Nc4+ 51. Ke6 Nxa5 52. Kd6 h4 53. Bxh4 Kxh4 54. Kc7 Nb3 55. Kxc6 Kg5 56. Kb6 1/2-1/2

[Event "Angers op 5th"]
[Site "Angers"]
[Date "2010.04.25"]
[Round "6"]
[White "Hereus, Daniel"]
[Black "Bouhaer, Francois"]
[Result "0-1"]
[WhiteElo "1647"]
[BlackElo "1545"]
[PlyCount "78"]
[EventDate "2010.04.23"]
[EventType "swiss"]
[EventRounds "6"]
[EventCountry "FRA"]
[SourceTitle "EXT 2011"]
[Source "ChessBase"]
[SourceDate "2010.11.26"]
[SourceVersion "1"]
[SourceVersionDate "2010.11.26"]
[SourceQuality "1"]

1. e4 c5 2. Nf3 d6 3. c3 Nf6 4. e5 dxe5 5. Nxe5 Qc7 6. d4 e6 7. Bf4 Bd6 8. Nd2 Nd5 9. Bg3 0-0 10. Bd3 f6 11. Nec4 Bxg3 12. hxg3 g6 13. Qe2 cxd4 14. cxd4 Nc6 15. Nb3 b5 16. Ne3 a6 17. Nc2 Qf7 18. 0-0-0 Re8 19. Nc5 e5 20. Qf3 f5 21. dxe5 Nxe5 22. Qe2 Nd7 23. Ne4 fxe4 24. Bxe4 Bb7 25. f3 N5f6 26. Qd3 Nxe4 27. fxe4 Nf6 28. Rhf1 Bxe4 29. Qd6 Kg7 30. g4 Rac8 31. Rd2 Rxc2+ 32. Rxc2 Bxc2 33. g5 Bf5 34. gxf6+ Kg8 35. Qxa6 Qc4+ 36. Kd2 Qxf1 37. f7+ Kxf7 38. Qa7+ Re7 39. Qa3 Qe1# 0-1

[Event "Angers op 5th"]
[Site "Angers"]
[Date "2010.04.23"]
[Round "1"]
[White "Bouhaer, Francois"]
[Black "Le Coz, Yannick"]
[Result "0-1"]
[WhiteElo "1545"]
[BlackElo "1688"]
[PlyCount "52"]
[EventDate "2010.04.23"]
[EventType "swiss"]
[EventRounds "6"]
[EventCountry "FRA"]
[SourceTitle "EXT 2011"]
[Source "ChessBase"]
[SourceDate "2010.11.26"]
[SourceVersion "1"]
[SourceVersionDate "2010.11.26"]
[SourceQuality "1"]

1. d4 Nf6 2. c4 e5 3. dxe5 Ne4 4. Nf3 d6 5. exd6 Bxd6 6. Nbd2 Bf5 7. a3 Qf6 8. Nxe4 Bxe4 9. e3 0-0 10. Be2 Nc6 11. Qb3 Na5 12. Qd1 Rad8 13. Qa4 b6 14. 0-0 Qh6 15. g3 Qf6 16. Kg2 g5 17. h3 h5 18. g4 Qe5 19. Rh1 f5 20. Kf1 Qe7 21. Rg1 fxg4 22. Nd4 Qf6 23. f3 gxf3 24. Bd1 f2 25. Rxg5+ Qxg5 26. Bb3 Qg1+ 0-1